| 000 | 00406cam a22001337a 4500 | ||
|---|---|---|---|
| 008 | 180718b1996 xxu||||| |||| 00| 0 eng d | ||
| 082 | _aI27x54 P191 | ||
| 100 | _aPanandiker, V.A. Pai | ||
| 245 |
_aThe Indian cabinet: a study in governance _cby V.A. Pai Panandiker and Ajay K. Mehra |
||
| 260 |
_aNew Delhi _bKonark _c1996 |
||
| 300 | _a300p. | ||
| 650 | _aCabinet system - India | ||
| 700 | _aMehra, Ajay K. | ||
| 999 |
_c380428 _d380428 |
||